Statistics for Poland EUROs Starting XIs

Click here to take the quiz!

General Stats

  • This quiz has been taken 55 times
  • The average score is 24 of 44

Answer Stats

HintAnswer% Correct
2012STRobert Lewandowski
100%
2016STRobert Lewandowski
100%
2020STRobert Lewandowski
100%
2008DMMariusz Lewandowski
97%
2020GKWojciech Szczesny
92%
2020CBKamil Glik
89%
2016CBKamil Glik
89%
2016GKLukasz Fabianski
87%
2020CMGrzegorz Krychowiak
84%
2016CMGrzegorz Krychowiak
84%
2020CMPiotr Zielinski
84%
2012RWJakub Blaszczykowski
82%
2016RMJakub Blaszczykowski
82%
2016STArkadiusz Milik
79%
2016RBLukasz Piszczek
79%
2012RBLukasz Piszczek
79%
2008GKArtur Boruc
58%
2016LMKamil Grosicki
58%
2020CBJan Bednarek
53%
2020CBBartosz Bereszynski
50%
2020STKarol Swiderski
50%
2016CBMichal Pazdan
50%
2012GKPrzemyslaw Tyton
45%
2012LWLudovic Obraniak
42%
2016LBArtur Jedrzejczyk
39%
2008STEusebiusz Smolarek
39%
2020RMKamil Józwiak
39%
2012CBDamien Perquis
37%
2016CMKrzysztof Maczynski
37%
2012LBSebastian Boenisch
37%
2008RBMarcin Wasilewski
34%
2012CBMarcin Wasilewski
34%
2012CMEugen Polanski
32%
2008CBJacek Bak
32%
2008LMJacek Krzynowek
32%
2008AMRoger Guerreiro
32%
2020LMTymoteusz Puchacz
32%
2020AMMateusz Klich
29%
2008CBMichal Zewlakow
26%
2012CMDariusz Dudka
24%
2008DMDariusz Dudka
24%
2012CMRafal Murawski
24%
2008RMWojciech Lobodzinski
13%
2008LBPawel Golanski
11%

Score Distribution

Percentile by Number Answered

Percent of People with Each Score

Your Score History

You have not taken this quiz